000 00293nam a22001337a 4500
008 210226b ||||| |||| 00| 0 eng d
020 _a9780805375978
041 _aeng
080 _a330.101.542
100 _a52
101 _aMIKRO
245 _aMicrobiology
_cTortora,J.G
942 _2udc
_cBK
999 _c55291
_d55291